000 00415nam a2200181Ia 4500
001 17470
005 20260306171519.0
008 260306s9999||||xx |||||||||||||| ||und||
041 _aESP
082 _a658
_bG81A
100 _aGriffin, Ricky W.
_eAUT
245 0 _aAdministración
260 _c2011
300 _axxix, 811 páginas :
_c27 cm.
650 _aGEN
654 _aCAN
942 _cLIB
_dJUS
_fJUS
_2ddc
_n
999 _c17470
_d17470